000
00481nam a2200169Ia 4500
008
090711s9999 xx 000 0 und d
082
_b
46002
100
_a
जाधव रा. ग.
245
_a
निळी क्षितिजे
260
_c
1982
300
_a
93
600
_a
जाधव रा. ग.
630
_a
निळी क्षितिजे
700
_a
जाधव रा. ग.
730
_a
निळी क्षितिजे
942
_c
BOOK
999
_c
315570
_d
315570